Loading...
Science - Physics | 0 | 5 | 0 | 1 | 50 | 93 | 118.80 | 0 | 2 |
Science - Other Science | 0 | 2 | 0 | 0 | 20 | 111 | 122.50 | 0 | 1 |
Fine Arts - Painting & Sculpture | 0 | 1 | 0 | 0 | 10 | 117 | 117.00 | 1 | 1 |
History - European History | 0 | 1 | 0 | 0 | 10 | 119 | 119.00 | 0 | 0 |
History - Other History | 0 | 1 | 0 | 1 | 10 | 135 | 135.00 | 0 | 0 |
Literature - European Literature | 0 | 1 | 0 | 0 | 10 | 154 | 154.00 | 0 | 0 |
Fine Arts - Classical Music | 0 | 1 | 0 | 1 | 10 | 144 | 144.00 | 0 | 0 |
Fine Arts - Other Fine Arts | 0 | 1 | 0 | 0 | 10 | 92 | 92.00 | 0 | 1 |
Science - Chemistry | 0 | 0 | 0 | 0 | 0 | 0.00 | 0 | 0 | |
Literature - British Literature | 0 | 0 | 0 | 0 | 0 | 0.00 | 0 | 0 | |
Other | 0 | 0 | 1 | 0 | -5 | 0.00 | 0 | 0 |